[Event "Madrid Chamartin op 4th"]
[Site "Madrid"]
[Date "2015.09.12"]
[Round "9"]
[White "Alfaya Marcelo, Roberto"]
[Black "Gonzalez Perez, Pedro"]
[Result "0-1"]
[WhiteElo "2164"]
[BlackElo "2003"]
[PlyCount "64"]
[EventDate "2015.09.06"]
[EventType "swiss"]
[EventRounds "9"]
[EventCountry "ESP"]
[SourceTitle "EXT 2016"]
[Source "ChessBase"]
[SourceDate "2015.10.08"]
[SourceVersion "1"]
[SourceVersionDate "2015.10.08"]
[SourceQuality "1"]

1. d4 f5 2. c4 Nf6 3. Nc3 g6 4. Nf3 Bg7 5. g3 0-0 6. Bg2 d6 7. 0-0 c6 8. d5 Bd7 9. Qc2 Na6 10. Rd1 c5 11. a3 Nh5 12. e4 f4 13. Re1 e5 14. dxe6 Bxe6 15. Nd5 g5 16. gxf4 Bxd5 17. exd5 Nxf4 18. Bxf4 Rxf4 19. Re2 g4 20. Nd2 Be5 21. Rae1 Qh4 22. Nf1 Raf8 23. Rd1 Nb8 24. Rdd2 Bd4 25. Be4 Nd7 26. Ng3 Ne5 27. Qc1 Rxe4 28. Rxe4 Nf3+ 29. Kf1 Nxd2+ 30. Qxd2 Rxf2+ 31. Qxf2 Bxf2 32. Kxf2 Qxh2+ 0-1

[Event "Madrid Chamartin op 3rd"]
[Site "Madrid"]
[Date "2014.09.08"]
[Round "2"]
[White "Tolosana Esteban, Enrique"]
[Black "Gonzalez Perez, Pedro"]
[Result "0-1"]
[WhiteElo "1721"]
[BlackElo "2009"]
[PlyCount "64"]
[EventDate "2014.09.07"]
[EventType "swiss"]
[EventRounds "9"]
[EventCountry "ESP"]
[SourceTitle "CBM 162 Extra"]
[Source "ChessBase"]
[SourceDate "2014.10.17"]
[SourceVersion "1"]
[SourceVersionDate "2014.10.17"]
[SourceQuality "1"]

1. e4 c6 2. d4 d5 3. e5 Bf5 4. Ne2 e6 5. Ng3 Bg6 6. h4 h6 7. h5 Bh7 8. Bd3 Bxd3 9. Qxd3 Nd7 10. 0-0 Ne7 11. b3 c5 12. c3 Qb6 13. b4 cxd4 14. cxd4 Nc6 15. Be3 Nxb4 16. Qd2 Qa6 17. a3 Nb6 18. Nc3 Nc6 19. Rfb1 Be7 20. Nb5 Rc8 21. f4 Nc4 22. Qe2 Nxe3 23. Qxe3 0-0 24. f5 Bg5 25. Qe1 Qa4 26. Qf2 a6 27. Nd6 Rc7 28. Ne2 Qc2 29. Rf1 Qd2 30. fxe6 Be3 31. exf7+ Rcxf7 32. Nxf7 Rxf7 0-1